Normal view
MARC view
- Munir, Muhammad Bader
Entry Personal Name
001 - CONTROL NUMBER
- control field: 119695
003 - CONTROL NUMBER IDENTIFIER
- control field: NUST
005 - DATE AND TIME OF LATEST TRANSACTION
- control field: 20231213102404.0
008 - FIXED-LENGTH DATA ELEMENTS
- fixed length control field: 231213|| aca||aabn | a|a d
040 ## - CATALOGING SOURCE
- Original cataloging agency: NUST
- Transcribing agency: NUST
100 ## - HEADING--PERSONAL NAME
- Personal name: Munir, Muhammad Bader
670 ## - SOURCE DATA FOUND
- Source citation: Work cat.: (NUST): Munir, Muhammad Bader , Energy Harvesting by using Exhaust Gases of Heavy Vehicles /
